000 00521nam a2200181Ia 4500
001 7397
005 20260306160452.0
008 260306t1993||||xx |||||||||||||| ||spa||
041 _aESP
082 _a338.9
_bT35
100 _aTello, Mario D.
_eAUT
245 0 _aMecanismos hacia el crecimiento económico:
_bel enfoque de la organización industrial en el sector manufacturero peruano 1970-1987
260 _c1993
300 _a284 páginas :
_c23 cm.
650 _aGEN
654 _aCAN
942 _cLIB
_dJUS
_fJUS
_2ddc
_n
999 _c7397
_d7397